| 000 | 01639ngm a22003850a 4500 | ||
|---|---|---|---|
| 001 | PT27132 | ||
| 003 | AR-LpoUNG | ||
| 005 | 20210202000408.0 | ||
| 007 | vd cvaizq | ||
| 008 | 191001s1971||||ag |||||||||||||||||eng d | ||
| 037 | _c$7.50 | ||
| 040 |
_aAR-LpoUNG _bspa _cAR-LpoUNG _eaacr |
||
| 041 | _aeng | ||
| 044 | _aag | ||
| 082 | 0 | _a303.32 95nar | |
| 100 | 1 |
_aKubrick, Stanley _edir. |
|
| 245 | 1 | 3 | _aLa naranja mecánica |
| 260 |
_aSan Luis : _bAVH, _c1971. |
||
| 300 | _aDVD (146 min.) : son., col. | ||
| 505 | 0 | _aIdiomas de la película: inglés y francés. Subtítulos: inglés, francés, portugués y castellano. | |
| 520 | _aUna historía oscura, irónica de un futuro violento. Las aventuras de un joven cuyos principales intereses son la violación, la ultra-violencia, y Beethoven. Alex tiene sus propios métodos para divertirse y descargar su tremenda agresividad y lo consigue disfrutando a expensas de la tragedia y la desgracia de los demás. La historia de Alex, desde sus comienzos como delincuente sin moral hasta convertirse en un civilizado ciudadano integrado en la sociedad tras someterse a un tratamiento capaz de eliminar sus instintos violentos, forman la dinámica e impactante visión futurista de la novela de Anthony Burgess. | ||
| 650 | 4 | _aADAPTACION SOCIAL | |
| 650 | 4 | _aCOMPORTAMIENTO SOCIAL | |
| 650 | 4 | _aPSICOLOGIA SOCIAL | |
| 650 | 4 | _aSISTEMA SOCIAL | |
| 650 | 4 | _aSOCIALIZACION | |
| 650 | 4 | _aSOCIEDAD | |
| 650 | 4 | _aVIOLENCIA | |
| 651 | 4 | _aEstados Unidos de América | |
| 653 | _aCIENCIA FICCION | ||
| 653 | _aDVD | ||
| 653 | _aVIDEOS | ||
| 905 | _a27132 | ||
| 942 | _cDVD | ||
| 999 |
_c54784 _d54784 |
||